000
00211 a2200097 4500
001
38388
100
_a
Brown S
245
_a
500 tips on assessment
260
_a
G Br
_b
Kogan page
_c
1996
090
_c
24374
_d
24374
942
_a
NUST-CAE
_c
M
_c
15974
999
_c
273461
_d
273461